000 00317nam a2200133Ia 4500
008 151001s9999||||xx |||||||||||||| ||und||
100 _aLal Bansi
245 _aEducation in emerging Indian Society
250 _a1
260 _bDPS publishing House new delhi
260 _c2013
300 _a264
365 _b21
999 _c1001733
_d1001730